Word Ladder: Beatles Quiz Stats

 Plays Quiz Updated Mar 19, 2018

Score 0/34 Timer 03:00
2 Plays Today
Hint 4 Letter Word % Correct
All You Need Is _______•LOVE•
99.7%
Peaceful birdDOVE
96.9%
_____ McCartney•PAUL•
96.5%
'I Want to ___ Your Hand'•HOLD•
95.4%
Opposite of heavenHELL
94.3%
12 inchesFOOT
94.2%
'___ Matthews Band'DAVE
93.5%
Something you swim inPOOL
93.3%
Owl soundHOOT
93.3%
Narrate a storyTELL
92%
Not shortTALL
90.4%
Corridor or passagewayHALL
90%
Lay down asphaltPAVE
89%
The _______ on the Hill•FOOL•
88.7%
Month after MayJUNE
88.6%
SpeakTALK
87.5%
A survey of peoplePOLL
87%
Hint 4 Letter Word % Correct
Pull or dragHAUL
86.8%
Hey _____•JUDE•
86.4%
Light coloredPALE
86.4%
Cloth spread over coffinPALL
84%
Supported, like a beliefHELD
83.3%
Steve on 'Arrested Development'HOLT
82.8%
HealthyHALE
79.8%
Instrument McCartney plays•BASS•
78.8%
Get _____•BACK•
77%
PushpinTACK
76.8%
Grams measure thisMASS
74.1%
Opposite of hitMISS
73.7%
Lie out in the sunBASK
73.5%
A queueLINE
73.1%
Something shaped like half moonLUNE
68%
I Me _____•MINE•
65.6%
Visual appearance: ___-en-scèneMISE
60.9%

Today's Daily Dose

Missing Word
Arizona A-Z

Word Ladder
Greek Letters II

Get the Picture
US National Parks

You're not logged in!

Compare scores with friends on all Sporcle quizzes.
OR
Log In

You Might Also Like...

Show Comments

Extras

Top Quizzes Today


Score Distribution

Your Account Isn't Verified!

In order to create a playlist on Sporcle, you need to verify the email address you used during registration. Go to your Sporcle Settings to finish the process.

Report this User

Report this user for behavior that violates our Community Guidelines.

Details: